00690cam a2200229 i 4500001000800000005001700008008004100025010001700066020001500083040001800098041000800116080001500124082001500139100000600154101000800160245005300168504005100221906004500272942001200317999001700329952011400346363576920180216075150.0760319s1976 nyua b 001 0 eng  a 75038330  a087488876X aDLCcDLCdDLC aeng a616.23 WIL00a616.23 WIL1 a4 aSHM10aAsthma :cby M. Henry Williams, Jr., Chang Shim. aIncludes bibliographical references and index. a7bcbccorignewd2eocipf19gy-gencatlg 2ddccBK c42814d42814 00102udc40708PËKGa002b002cPËKGd2018-02-16l0o616.23 WILp002-2998782r2018-02-16w2018-02-16yBK